000 00715nam a2200253Ia 4500
003 OSt
005 20220925220332.0
006 a|||||r|||| 00| 0
007 ta
008 220923b |||||||| |||| 00| 0 eng d
037 _cGeneral Book
040 _aRTL
_cRTL
_beng
041 _2eng
_aeng
082 _aX:8K, K0;L5
100 _aOwler L W J
_9151486
245 0 _aWholdon's cost accounting and costing methods
250 _a13th
260 _aLondon
_bMacdonald and Evans UK
_c1975
300 _axiii, 750p. Appendix p715-40
_ccm.
650 _aCost Accounts
700 _a Brown J L
_969663
942 _hX:8K, K0;L5
_cGB
_2CC
999 _c571170
_d571170